00000000nam 2200000zi 4500
0019.936049
003CaOODSP
00520250131115538
006m     o  d f      
007cr |n|||||||||
008240321e199311##onc     ob   f|0| 0 eng d
040 |aCaOODSP|beng|erda|cCaOODSP
043 |an-cn---
0861 |aEn4-680/1993E-PDF
24500|aEnvironment Canada regulatory review : |bEnvironmental Protection Program : a discussion document.
264 1|aOttawa : |bEnvironment Canada, |cNovember 1993.
300 |a1 online resource (xi, 166 pages)
336 |atext|btxt|2rdacontent
337 |acomputer|bc|2rdamedia
338 |aonline resource|bcr|2rdacarrier
500 |aDigitized edition from print [produced by Environment and Climate Change Canada].
504 |aIncludes bibliographical references.
650 0|aEnvironmental protection|xGovernment policy|zCanada.
650 0|aEnvironmental protection |xEconomic aspects|zCanada.
650 6|aEnvironnement|xProtection|xPolitique gouvernementale|zCanada.
650 6|aEnvironnement|xProtection|xAspect économique|zCanada.
7101 |aCanada. |bEnvironment Canada, |eissuing body.
85640|qPDF|s11.30 MB|uhttps://publications.gc.ca/collections/collection_2025/eccc/en4/En4-680-1993-eng.pdf